00672nab a2200193 uc450000100070000000500170000700800410002403500110006503500210007604000130009704100080011010000450011824500720016365000320023565000420026777301420030994200100045199900170046115390720240201125919.0971202e19960401 spa  a153907 a(OCoLC)819759069 ccomduadb aspa10aToro Alvarez, Fernando4auteaut925620610aAvances en la medicion del clima organizacional con la encuesta eco aClima organizacional950136 7aPsicología industrial2lemb91000670 tRevista Interamericana de Psicología Ocupacional (Medellín)gVolúmen 15, Número 01, Abril 1996, p. 1-10w149370x0120-3800074900 cARIMP c79480d79480